Statystyki dla Rozpoznaj polskie miasta po zdjęciach #3

Kliknij tutaj aby rozwiązać quiz!

Ogólne statystyki

  • Ten quiz został rozwiązany 72 razy
  • Średni wynik to 3 z 12

Statystyki odpowiedzi

Odpowiedź% Poprawnych
Malbork
100%
Świnoujście
41%
Olsztyn
30%
Gorzów Wielkopolski
21%
Leszno
20%
Grudziądz
16%
Radom
16%
Słupsk
16%
Suwałki
15%
Bolków
11%
Nowy Targ
10%
Sosnowiec
8%

Rozkład punktacji

Percentyl według liczby udzielonych odpowiedzi

Procent ludzi z każdym wynikiem

Twoja historia wyników

Nie rozwiązałeś tego quizu